Normal view
MARC view
Entry Topical Term
001 - CONTROL NUMBER
- control field: 6658
003 - CONTROL NUMBER IDENTIFIER
- control field: ARRUPE
005 - DATE AND TIME OF LATEST TRANSACTION
- control field: 20140114180219.0
008 - FIXED-LENGTH DATA ELEMENTS
- fixed length control field: 140114|| aca||aabn | a|a d
040 ## - CATALOGING SOURCE
- Original cataloging agency: ARRUPE
- Transcribing agency: ARRUPE
150 ## - HEADING--TOPICAL TERM
- Topical term or geographic name as entry element: Intellectual life
- General subdivision: History
670 ## - SOURCE DATA FOUND
- Source citation: Work cat.: (ARRUPE): Himmelfarb, Gertrude 6656, The Roads to Modernity , 2008